Logo

Description automatically generated
विद्यार्जन
 संसाधन केंद्र, भारतीय प्रौद्योगिकी संस्थान इन्दौर
Learning Resource Center, Indian Institute of Technology Indore

ऑनलाइन सार्वजनिक अभिगम प्रसूची
Online Public Access Catalogue (OPAC)

Integrated solid waste management : engineering principles and management issues (Record no. 57260)

MARC details
000 -LEADER
fixed length control field 00683nam a22002177a 4500
005 - DATE AND TIME OF LATEST TRANSACTION
control field 20260624154926.0
008 - FIXED-LENGTH DATA ELEMENTS--GENERAL INFORMATION
fixed length control field 260624b |||||||| |||| 00| 0 eng d
020 ## - INTERNATIONAL STANDARD BOOK NUMBER
International Standard Book Number 0070632375
Qualifying information hb
082 ## - DEWEY DECIMAL CLASSIFICATION NUMBER
Classification number 628.4
Item number TCH
100 ## - MAIN ENTRY--PERSONAL NAME
Personal name Tchobanoglous, George
245 ## - TITLE STATEMENT
Title Integrated solid waste management : engineering principles and management issues
250 ## - EDITION STATEMENT
Edition statement c.1993
260 ## - PUBLICATION, DISTRIBUTION, ETC.
Place of publication, distribution, etc. New York
Name of publisher, distributor, etc. McGraw-Hill
Date of publication, distribution, etc. 1993
300 ## - PHYSICAL DESCRIPTION
Extent xxi, 978p. ; 24cm.
440 ## - SERIES STATEMENT/ADDED ENTRY--TITLE
Title McGraw-Hill series in water resources and environmental engineering
653 ## - INDEX TERM--UNCONTROLLED
Uncontrolled term Refuse and refuse disposal
653 ## - INDEX TERM--UNCONTROLLED
Uncontrolled term Hazardous wastes
700 ## - ADDED ENTRY--PERSONAL NAME
Personal name Theisen, Hilary
700 ## - ADDED ENTRY--PERSONAL NAME
Personal name Vigil, Samuel
942 ## - ADDED ENTRY ELEMENTS (KOHA)
Source of classification or shelving scheme Dewey Decimal Classification
Koha item type Book
Holdings
Withdrawn status Lost status Source of classification or shelving scheme Damaged status Not for loan Collection code Home library Current library Shelving location Date acquired Source of acquisition Total Checkouts Full call number Barcode Date last seen Price effective from Koha item type
    Dewey Decimal Classification     Reference Books LRC, IIT Indore LRC, IIT Indore 3rd Floor - Reference Collection 18/06/2026 PO_2025-26_PO-74 Vendor: International Book Agency, Lucknow IN58/26-27, dt.12.06.2026 USD 230.63   628.4 TCH 38838 25/06/2026 24/06/2026 Reference Books
Copyright © 2017-2026 Indian Institute of Technology Indore. All Rights Reserved.
Managed & maintained by Learning Resource Center, IIT Indore